| 000 | 00897nam a2200253 4500 | ||
|---|---|---|---|
| 005 | 20251007145204.0 | ||
| 008 | 250929b |||||||| |||| 00| 0 eng d | ||
| 020 | _a9780357721759 | ||
| 082 | _aDC 364.163 Al151 2025 | ||
| 100 |
_aAlbrecht, W. Steve. _968207 |
||
| 245 |
_aFraud examination / _cW. Steve Albrecht [and three others.] |
||
| 250 | _aSeventh edition. | ||
| 260 |
_aAustralia : _bCengage Learning, Inc., _c©2025. |
||
| 300 |
_axviii, 590 pages : _bcolor illustrations ; _c28 cm. |
||
| 500 | _aIncludes appendix, bibliography, glossary and index. | ||
| 650 | 0 |
_aFraud. _968208 |
|
| 650 | 0 |
_aFraud _xPrevention. _968209 |
|
| 650 | 0 |
_aForensic accounting. _968210 |
|
| 650 | 0 |
_aFraud investigation. _968211 |
|
| 700 |
_aAlbrecht, Chad O., _eauthor. _968212 |
||
| 700 |
_aAlbrecht, Conan C., _eauthor. _968213 |
||
| 700 |
_aZimbelman, Mark F., _eauthor. _968214 |
||
| 942 |
_2ddc _cDC |
||
| 999 |
_c23901 _d23901 |
||